| 000 | 01123nmc a2200313 a 4500 | ||
|---|---|---|---|
| 003 | AR-BaBNM | ||
| 005 | 20251128210344.0 | ||
| 008 | 240020s1994 ||||||||||||||000 | spa|| | ||
| 020 | _a84-7506-407-8 | ||
| 040 | _cAR-BaBNM | ||
| 100 | 1 | _aVillena, Enrique de | |
| 245 | 1 | 0 |
_aObras completas de Enrique de Villena _bLos doce trabajos de Hércules ; Tratado de la lepra ; Arte cisoria ; Tratado de consolación ; Exposición del salmo "Quoniam videbo" ; Tratado de fascinación o de aojamiento ; Epístola a Suero de Quiñones ; Arte de trovar ; Exposición del soneto de Pet _n1 ; |
| 260 |
_aMadrid _bTurner Libros _c1994 |
||
| 300 | 1 |
_axxxiii, 575 p. _bil. |
|
| 490 | 0 |
_aBiblioteca Castro _vv. 43 |
|
| 650 | 4 | _aLITERATURA ESPANOLA | |
| 650 | 4 | _aLITERATURA MEDIEVAL | |
| 650 | 4 | _aMISTICISMO | |
| 650 | 4 | _aFILOSOFIA NATURAL | |
| 650 | 4 | _aLITERATURA CATALANA | |
| 650 | 4 | _aRENACIMIENTO | |
| 653 | _aINFLUENCIA CLASICA | ||
| 653 | _aFILOSOFIA DE LA RELIGION | ||
| 655 | _aLITERATURA | ||
| 700 | 1 |
_aCátedra, Pedro M. _eeditor |
|
| 800 | 1 |
_aArroyo Stephens, Manuel _eeditor |
|
| 942 | _cBK | ||
| 998 | _cMARTIN | ||
| 999 |
_c15111 _d15111 |
||